| 000 | 00620nam a2200193 a 4500 | ||
|---|---|---|---|
| 005 | 20230602063529.0 | ||
| 008 | 991125s1946 mx 000 0 spa u | ||
| 035 | _aUPN01000050806 | ||
| 049 | _aCG | ||
| 050 | 4 |
_aPA4494 A8 _bR4.38 |
|
| 100 | 1 |
_aXenophon, _d430?-354? |
|
| 245 | 1 | 0 |
_aRecuerdos de Sócrates. Banquete. Apología / _cJenofonte ; tr. y notas por Juan David García Bacca. |
| 260 |
_aMéxico : _bUNAM, _c1946. |
||
| 300 | _a539 p. | ||
| 440 | 0 | _aBibliotheca scriptorum graecorum et romanorum mexicana | |
| 600 | 0 | 4 |
_aXENOPHON, _d430?-354? A.C. |
| 600 | 0 | 4 |
_aSócrates, _d470-399 A.C. _921207 |
| 905 | _aLibro | ||
| 999 |
_c50806 _d50806 |
||